Global beef trade (Record no. 62246)
[ view plain ]
| 000 -LEADER | |
|---|---|
| fixed length control field | 02041nam a2200421 a 4500 |
| 082 04 - DEWEY DECIMAL CLASSIFICATION NUMBER | |
| Classification number | 382/.416213 |
| 245 00 - TITLE STATEMENT | |
| Title | Global beef trade |
| 260 ## - PUBLICATION, DISTRIBUTION, ETC. (IMPRINT) | |
| Place of publication | New York : |
| Name of publisher | Nova Science Publishers, |
| Year of publication | c2010. |
| 300 ## - PHYSICAL DESCRIPTION | |
| Number of Pages | xi, 253 p. : |
| Other physical details | ill., maps. |
| 490 1# - SERIES STATEMENT | |
| Series statement | Agriculture issues and policies series |
| 505 0# - FORMATTED CONTENTS NOTE | |
| Formatted contents note | Global beef trade: effects of animal health, sanitary, food safety, and other measures on United States beef exports / United States International Trade Commission -- United States-South Korea beef dispute: agreement and status / Remy Jurenas and Mark E. Manyin -- Mad cow disease and United States beef trade / Charles E. Hanrahan and Geoffrey S. Becker -- United States-Russia meat and poultry trade issues / Geoffrey S. Becker. |
| 650 #0 - SUBJECT ADDED ENTRY--TOPICAL TERM | |
| Topical Term | Beef industry. |
| Topical Term | Beef industry |
| Topical Term | Beef industry |
| Topical Term | Beef industry |
| Topical Term | Poultry industry |
| Topical Term | Poultry industry |
| 700 1# - ADDED ENTRY--PERSONAL NAME | |
| Personal name | Ferrara, Alessandro, |
| 856 40 - ELECTRONIC LOCATION AND ACCESS | |
| Uniform Resource Identifier | http://site.ebrary.com/lib/rucke/Doc?id=10671043 |
No items available.
